[Event "Orlova op 4th"]
[Site "Orlova"]
[Date "2007.05.23"]
[Round "5"]
[White "Lipus, Drahomir"]
[Black "Chvatal, Jaroslav"]
[Result "1-0"]
[WhiteElo "1523"]
[BlackElo "1715"]
[PlyCount "51"]
[EventDate "2007.05.19"]
[EventType "swiss"]
[EventRounds "9"]
[EventCountry "CZE"]
[SourceTitle "EXT 2012"]
[Source "ChessBase"]
[SourceDate "2011.11.24"]
[SourceVersion "1"]
[SourceVersionDate "2011.11.24"]
[SourceQuality "1"]

1. d4 Nf6 2. c4 e6 3. Nc3 Bb4 4. e3 d5 5. Bd3 dxc4 6. Bxc4 Bxc3+ 7. bxc3 c6 8. Ba3 b5 9. Bd3 a5 10. Nf3 Na6 11. 0-0 b4 12. Bb2 bxc3 13. Bxc3 0-0 14. a3 c5 15. Qe2 cxd4 16. Bxd4 Qe7 17. Rfc1 Nd7 18. Rxc8 Rfxc8 19. Bxa6 Rc7 20. Bd3 e5 21. Be4 Rb8 22. Bb2 Qe8 23. h3 Rc5 24. a4 Qe6 25. Bxh7+ Kh8 26. Ng5 1-0

[Event "Orlova op 4th"]
[Site "Orlova"]
[Date "2007.05.22"]
[Round "4"]
[White "Chvatal, Jaroslav"]
[Black "Lakota, Tomasz"]
[Result "0-1"]
[WhiteElo "1715"]
[BlackElo "1250"]
[PlyCount "114"]
[EventDate "2007.05.19"]
[EventType "swiss"]
[EventRounds "9"]
[EventCountry "CZE"]
[SourceTitle "EXT 2012"]
[Source "ChessBase"]
[SourceDate "2011.11.24"]
[SourceVersion "1"]
[SourceVersionDate "2011.11.24"]
[SourceQuality "1"]

1. d4 Nf6 2. c4 c5 3. d5 b5 4. cxb5 d6 5. Nc3 Bf5 6. Qa4 Nbd7 7. e4 Nb6 8. Qc2 Bd7 9. Nf3 g6 10. Be2 Bg7 11. Bg5 h6 12. Bh4 0-0 13. Nd2 e5 14. 0-0 g5 15. Bg3 Nh7 16. a4 f5 17. f3 f4 18. a5 Nc8 19. Be1 Ne7 20. Nc4 Nc8 21. Qb3 Rb8 22. b6 axb6 23. axb6 Nxb6 24. Nxd6 Qe7 25. Ndb5 c4 26. Bxc4 Qc5+ 27. Bf2 Qxc4 28. Qxc4 Nxc4 29. Bc5 Bxb5 30. Nxb5 Rfc8 31. Nd6 Rxc5 32. Rfc1 Nxd6 33. Rxc5 Rxb2 34. Rc6 Bf8 35. Ra8 Kg7 36. Ra7+ Kg6 37. Rcc7 Nf6 38. Ra8 Nfe8 39. Rc6 Kf7 40. Ra7+ Kf6 41. Ra8 Kf7 42. Ra7+ Kf6 43. Rd7 Ra2 44. Rb6 h5 45. Kf1 Be7 46. h3 h4 47. Kg1 Ra8 48. Rc6 Ra1+ 49. Kf2 Rb1 50. Ke2 Kf7 51. Kf2 Rb7 52. Rxb7 Nxb7 53. Re6 Nbd6 54. Rxe5 Nc7 55. Rxe7+ Kxe7 56. Ke2 Nc4 57. Kd3 Ne3 0-1

[Event "Orlova op 4th"]
[Site "Orlova"]
[Date "2007.05.21"]
[Round "3"]
[White "Straka, Jozef1111"]
[Black "Chvatal, Jaroslav"]
[Result "1-0"]
[WhiteElo "1905"]
[BlackElo "1715"]
[PlyCount "51"]
[EventDate "2007.05.19"]
[EventType "swiss"]
[EventRounds "9"]
[EventCountry "CZE"]
[SourceTitle "EXT 2012"]
[Source "ChessBase"]
[SourceDate "2011.11.24"]
[SourceVersion "1"]
[SourceVersionDate "2011.11.24"]
[SourceQuality "1"]

1. e4 e6 2. d4 d5 3. Nd2 c5 4. exd5 exd5 5. Ngf3 Bg4 6. Bb5+ Nc6 7. 0-0 Bd6 8. dxc5 Bxc5 9. Nb3 Qd6 10. Nxc5 Qxc5 11. Be2 Nge7 12. Be3 Qd6 13. h3 Bxf3 14. Bxf3 0-0 15. c3 Rad8 16. Qa4 b6 17. Rad1 Qc7 18. Rd2 Ne5 19. Be2 Nc4 20. Bxc4 dxc4 21. Rfd1 Nc6 22. Qxc4 Qb7 23. Qe4 Rxd2 24. Rxd2 Rd8 25. Rxd8+ Nxd8 26. Qe8# 1-0

[Event "Orlova op 4th"]
[Site "Orlova"]
[Date "2007.05.20"]
[Round "2"]
[White "Chvatal, Jaroslav"]
[Black "Reznicek, Marcel"]
[Result "0-1"]
[WhiteElo "1715"]
[BlackElo "2148"]
[PlyCount "22"]
[EventDate "2007.05.19"]
[EventType "swiss"]
[EventRounds "9"]
[EventCountry "CZE"]
[SourceTitle "EXT 2012"]
[Source "ChessBase"]
[SourceDate "2011.11.24"]
[SourceVersion "1"]
[SourceVersionDate "2011.11.24"]
[SourceQuality "1"]

1. d4 Nf6 2. c4 g6 3. Nc3 d5 4. Bg5 Ne4 5. Nxe4 dxe4 6. f3 Bg7 7. e3 c5 8. Qa4+ Bd7 9. Qb3 cxd4 10. fxe4 Qa5+ 11. Ke2 Qxg5 0-1